[Event "56th POL-ch"]
[Site "Polanica-Zdroj POL"]
[Date "1999.04.27"]
[Round "5"]
[White "Gdanski, Jacek"]
[Black "Macieja, Bartlomiej"]
[Result "1/2-1/2"]
[WhiteElo "2530"]
[BlackElo "2553"]
[EventDate "1999.04.23"]
[PlyCount "111"]
[Source "Vistula"]
[SourceDate "1999.08.16"]

1.e4 e5 2.Nc3 Nf6 3.g3 Nc6 4.Bg2 Bc5 5.Nge2 d6 6.Na4 Bb6 7.O-O O-O 8.Nxb6 
axb6 9.d4 exd4 10.Nxd4 Bd7 11.b3 Re8 12.Re1 d5 13.Nxc6 Bxc6 14.e5 Nd7 15.
Bb2 Nc5 16.a4 Qd7 17.Qd2 Qf5 18.Bd4 Ne6 19.c3 Rad8 20.b4 Bd7 21.Qe3 Bc8 
22.f4 Qg6 23.a5 b5 24.Bf1 Nxd4 25.cxd4 c6 26.Ra2 h5 27.h3 f6 28.Kh2 fxe5 
29.fxe5 Rf8 30.Bd3 Bf5 31.Bxf5 Rxf5 32.Rf2 Rxf2+ 33.Qxf2 Rf8 34.Qe2 h4 35.
Rg1 Qe4 36.Qxe4 dxe4 37.gxh4 e3 38.Kg3 Rd8 39.Kf3 Rxd4 40.Rg4 Rd5 41.Rg5 
Rd4 42.Rg4 Rd5 43.Re4 Kf7 44.e6+ Ke7 45.Kxe3 Rd6 46.Rg4 Rxe6+ 47.Kd4 Kd6 
48.h5 Re7 49.Rg6+ Kc7 50.h4 b6 51.a6 Kb8 52.Rxc6 Ka7 53.Kd5 Kxa6 54.h6 
gxh6 55.Rxh6 Rh7 56.Rxh7 1/2-1/2

[Event "56th POL-ch"]
[Site "Polanica-Zdroj POL"]
[Date "1999.04.27"]
[Round "5"]
[White "Markowski, Tomasz"]
[Black "Socko, Bartosz"]
[Result "1/2-1/2"]
[WhiteElo "2549"]
[BlackElo "2497"]
[EventDate "1999.04.23"]
[PlyCount "47"]
[Source "Vistula"]
[SourceDate "1999.08.16"]

1.g3 g6 2.Bg2 Bg7 3.d4 c5 4.d5 d6 5.Nc3 Nf6 6.e4 Na6 7.Nge2 Nc7 8.a4 O-O 
9.h3 b6 10.O-O Rb8 11.Bf4 a6 12.Rb1 Bb7 13.Qd2 Qd7 14.b4 Rfd8 15.Rb3 Ba8 
16.Rd1 Qe8 17.bxc5 bxc5 18.Rxb8 Rxb8 19.e5 dxe5 20.Bxe5 Rc8 21.Qe3 Qd7 22.
Nf4 Nce8 23.Nd3 Nd6 24.Qe2 1/2-1/2

[Event "56th POL-ch"]
[Site "Polanica-Zdroj POL"]
[Date "1999.04.28"]
[Round "6"]
[White "Staniszewski, Piotr"]
[Black "Socko, Bartosz"]
[Result "1/2-1/2"]
[WhiteElo "2454"]
[BlackElo "2497"]
[EventDate "1999.04.23"]
[PlyCount "77"]
[Source "Vistula"]
[SourceDate "1999.08.16"]

1.d4 Nf6 2.c4 g6 3.g3 Bg7 4.Bg2 O-O 5.Nc3 d6 6.Nf3 Nbd7 7.O-O e5 8.h3 Re8 
9.e4 exd4 10.Nxd4 a6 11.Re1 Rb8 12.Nc2 Ne5 13.Na3 Be6 14.f4 Nc6 15.Be3 Qc8
16.Kh2 h5 17.Rc1 Nd7 18.Qd2 Nc5 19.Nd5 f5 20.Bxc5 dxc5 21.e5 Kf7 22.Qf2 
Nd4 23.Nc2 c6 24.Nxd4 cxd4 25.Qxd4 Qd8 26.Qf2 h4 27.Rcd1 Rh8 28.Nf6 Qe7 
29.gxh4 Rbd8 30.h5 gxh5 31.Bf3 Rxd1 32.Rxd1 Bxf6 33.exf6 Qxf6 34.Qb6 Qh4 
35.Qc7+ Qe7 36.Qe5 Qf6 37.Qc7+ Qe7 38.Qe5 Qf6 39.Qc7+ 1/2-1/2

[Event "56th POL-ch"]
[Site "Polanica-Zdroj POL"]
[Date "1999.04.28"]
[Round "6"]
[White "Macieja, Bartlomiej"]
[Black "Markowski, Tomasz"]
[Result "0-1"]
[WhiteElo "2553"]
[BlackElo "2549"]
[EventDate "1999.04.23"]
[PlyCount "90"]
[Source "Vistula"]
[SourceDate "1999.08.16"]

1.e4 c5 2.Nf3 g6 3.d4 Bg7 4.c4 d6 5.dxc5 dxc5 6.Qxd8+ Kxd8 7.Nc3 Bxc3+ 8.
bxc3 Nc6 9.Nd2 Nf6 10.f4 Be6 11.Bd3 Nd7 12.Nb3 f6 13.Be3 b6 14.a4 Kc7 15.
Kd2 g5 16.g3 Rhg8 17.Rhg1 Rg7 18.e5 gxf4 19.gxf4 Rag8 20.Rxg7 Rxg7 21.Rg1 
Rxg1 22.Bxg1 fxe5 23.f5 Bf7 24.Ke3 Nf6 25.Nd2 Bh5 26.Nf3 Kd6 27.Ng5 Bd1 
28.h3 Bxa4 29.Nf7+ Kd7 30.Bh2 e4 31.Bb1 Bb3 32.Ng5 Na5 33.Nxe4 Nxc4+ 34.
Ke2 Nxe4 35.Bxe4 a5 36.Bd5 a4 37.Bxc4 Bxc4+ 38.Kd2 Bf1 39.h4 Bh3 40.c4 
Bxf5 41.Be5 Be6 42.Kd3 Bf7 43.Kc3 h5 44.Kd3 a3 45.Kc3 a2 0-1

[Event "56th POL-ch"]
[Site "Polanica-Zdroj POL"]
[Date "1999.04.28"]
[Round "6"]
[White "Pinski, Jan"]
[Black "Gdanski, Jacek"]
[Result "1/2-1/2"]
[WhiteElo "2346"]
[BlackElo "2530"]
[EventDate "1999.04.23"]
[PlyCount "52"]
[Source "Vistula"]
[SourceDate "1999.08.16"]

1.e4 c5 2.Nf3 e6 3.d4 cxd4 4.Nxd4 Nf6 5.Nc3 Nc6 6.Bf4 Bb4 7.Nb5 O-O 8.Bc7 
Qe7 9.Bd6 Bxd6 10.Qxd6 a6 11.Qxe7 Nxe7 12.Nd6 Ne8 13.Rd1 Nxd6 14.Rxd6 b5 
15.a4 b4 16.Nd1 Rd8 17.f3 Kf8 18.Ne3 Nc6 19.Be2 Ke7 20.Rd2 Na5 21.Kf2 d6 
22.Rhd1 Bb7 23.Rd4 Nc6 24.R4d2 Na5 25.Rd4 Nc6 26.R4d2 Na5 1/2-1/2

[Event "56th POL-ch"]
[Site "Polanica-Zdroj POL"]
[Date "1999.04.28"]
[Round "6"]
[White "Grabarczyk, Bogdan"]
[Black "Sosnicki, Michal"]
[Result "1/2-1/2"]
[WhiteElo "2380"]
[BlackElo "2286"]
[EventDate "1999.04.23"]
[PlyCount "134"]
[Source "Vistula"]
[SourceDate "1999.08.16"]

1.e4 e5 2.Nc3 Nf6 3.f4 d5 4.exd5 exf4 5.Bb5+ Nbd7 6.d4 Bb4 7.Qe2+ Qe7 8.
Qxe7+ Kxe7 9.Bxf4 Nxd5 10.Bg5+ f6 11.Bd2 Nxc3 12.bxc3 Ba5 13.O-O-O Nb6 14.
Re1+ Kd8 15.Ne2 Be6 16.a3 c6 17.Nf4 Bf7 18.Bd3 Nd5 19.Ne6+ Bxe6 20.Rxe6 
Re8 21.Rxe8+ Kxe8 22.c4 Nc3 23.Re1+ Kf7 24.Re3 Rd8 25.Bxh7 Na2+ 26.Kd1 
Rxd4 27.Bd3 Nc3+ 28.Ke1 b6 29.Rh3 Rd8 30.Kf1 Na4 31.Bxa5 bxa5 32.Rh5 c5 
33.Ke2 Re8+ 34.Kf3 Rd8 35.g4 Rd4 36.Be4 Nc3 37.Bd3 Na4 38.h3 Ke6 39.Ke2 
Kd6 40.Rh7 g5 41.Rxa7 Nc3+ 42.Kf3 a4 43.Ke3 Nd1+ 44.Ke2 Nb2 45.Ra6+ Ke7 
46.Ra8 Kd7 47.Ra5 Kd6 48.Ra7 Rf4 49.Bf5 Rd4 50.Ra6+ Ke7 51.Re6+ Kf7 52.Rc6
Nxc4 53.Rxc5 Nxa3 54.Rc7+ Kf8 55.Bd3 Rb4 56.Ra7 Nc4 57.Bxc4 Rxc4 58.Kd3 
Rf4 59.c4 Rf3+ 60.Kd4 Rxh3 61.c5 Ke8 62.Rxa4 Kd7 63.Kd5 Rd3+ 64.Rd4 Re3 
65.Re4 Rd3+ 66.Kc4 Rf3 67.Kd4 f5 1/2-1/2

[Event "56th POL-ch"]
[Site "Polanica-Zdroj POL"]
[Date "1999.04.28"]
[Round "6"]
[White "Jakubiec, Artur"]
[Black "Grabarczyk, Miroslaw"]
[Result "1/2-1/2"]
[WhiteElo "2428"]
[BlackElo "2462"]
[EventDate "1999.04.23"]
[PlyCount "46"]
[Source "Vistula"]
[SourceDate "1999.08.16"]

1.e4 e5 2.Nf3 Nc6 3.Bb5 a6 4.Bxc6 dxc6 5.O-O Qd6 6.Na3 b5 7.c3 c5 8.Nc2 
Ne7 9.d4 cxd4 10.cxd4 exd4 11.Nfxd4 c5 12.Nb3 Qxd1 13.Rxd1 c4 14.Na5 Ng6 
15.Be3 Be7 16.Nc6 Bf6 17.Bd4 Bxd4 18.Rxd4 O-O 19.N2b4 Re8 20.a4 Bb7 21.
axb5 axb5 22.Rxa8 Rxa8 23.g3 f6 1/2-1/2

[Event "56th POL-ch"]
[Site "Polanica-Zdroj POL"]
[Date "1999.04.29"]
[Round "7"]
[White "Kempinski, Robert"]
[Black "Staniszewski, Piotr"]
[Result "1-0"]
[WhiteElo "2533"]
[BlackElo "2454"]
[EventDate "1999.04.23"]
[PlyCount "71"]
[Source "Vistula"]
[SourceDate "1999.08.16"]

1.d4 Nf6 2.c4 c5 3.d5 b5 4.Qc2 bxc4 5.e4 g6 6.Bxc4 d6 7.Nf3 Bg7 8.O-O O-O 
9.h3 Nbd7 10.Nc3 Nb6 11.Be2 Ne8 12.Bf4 Nc7 13.Rfd1 f5 14.e5 h6 15.h4 Bb7 
16.exd6 exd6 17.Nb5 Ne8 18.a4 Kh7 19.Qb3 Rb8 20.Nxa7 Nxd5 21.Rxd5 Bxd5 22.
Qxd5 Qe7 23.Nc6 Qxe2 24.Nxb8 Qxb2 25.Re1 Qxb8 26.h5 gxh5 27.a5 Qc8 28.Re7 
c4 29.Nd4 c3 30.Qb7 Qxb7 31.Rxb7 Kg6 32.Ne6 Rf7 33.a6 c2 34.Rxf7 Kxf7 35.
a7 Be5 36.Bc1 1-0

[Event "56th POL-ch"]
[Site "Polanica-Zdroj POL"]
[Date "1999.04.29"]
[Round "7"]
[White "Grabarczyk, Miroslaw"]
[Black "Urban, Klaudiusz"]
[Result "1/2-1/2"]
[WhiteElo "2462"]
[BlackElo "2444"]
[EventDate "1999.04.23"]
[PlyCount "27"]
[Source "Vistula"]
[SourceDate "1999.08.16"]

1.d4 g6 2.c4 Bg7 3.Nf3 Nf6 4.Nc3 d5 5.cxd5 Nxd5 6.Bd2 c5 7.Rc1 Nxc3 8.Bxc3
cxd4 9.Nxd4 O-O 10.e3 Bd7 11.Be2 Qb6 12.Bf3 Rd8 13.Qb3 e5 14.Qxb6 1/2-1/2

[Event "56th POL-ch"]
[Site "Polanica-Zdroj POL"]
[Date "1999.04.29"]
[Round "7"]
[White "Sosnicki, Michal"]
[Black "Jakubiec, Artur"]
[Result "1-0"]
[WhiteElo "2286"]
[BlackElo "2428"]
[EventDate "1999.04.23"]
[PlyCount "71"]
[Source "Vistula"]
[SourceDate "1999.08.16"]

1.d4 Nf6 2.c4 d6 3.Nc3 e5 4.Nf3 Nc6 5.d5 Ne7 6.e4 h6 7.h3 g6 8.Be3 Bg7 9.
Be2 c5 10.g4 g5 11.Qd2 Ng6 12.O-O-O a6 13.Kb1 Bd7 14.Bd3 Qb8 15.Ne2 b5 16.
Ng3 Nf4 17.Rc1 Qb7 18.Ne1 Rb8 19.f3 h5 20.Nf5 Bxf5 21.gxf5 h4 22.Bxf4 exf4
23.e5 dxe5 24.Be4 Nd7 25.Nd3 Bf8 26.Rhg1 f6 27.Nf2 Bd6 28.Bd3 Ke7 29.Ne4 
Qb6 30.Rc2 Rb7 31.Qg2 Kd8 32.cxb5 axb5 33.Bxb5 Ke7 34.Bxd7 Rxd7 35.Nxf6 
Qa7 36.Qxg5 1-0

[Event "56th POL-ch"]
[Site "Polanica-Zdroj POL"]
[Date "1999.04.29"]
[Round "7"]
[White "Kuczynski, Robert"]
[Black "Grabarczyk, Bogdan"]
[Result "1/2-1/2"]
[WhiteElo "2430"]
[BlackElo "2380"]
[EventDate "1999.04.23"]
[PlyCount "21"]
[Source "Vistula"]
[SourceDate "1999.08.16"]

1.e4 c5 2.Nf3 Nc6 3.Bb5 g6 4.Bxc6 dxc6 5.d3 Bg4 6.Nbd2 Bh6 7.h3 Bxf3 8.
Nxf3 Bxc1 9.Qxc1 Nf6 10.O-O Qc7 11.Qe3 1/2-1/2

[Event "56th POL-ch"]
[Site "Polanica-Zdroj POL"]
[Date "1999.04.29"]
[Round "7"]
[White "Markowski, Tomasz"]
[Black "Pinski, Jan"]
[Result "1-0"]
[WhiteElo "2549"]
[BlackElo "2346"]
[EventDate "1999.04.23"]
[PlyCount "71"]
[Source "Vistula"]
[SourceDate "1999.08.16"]

1.g3 e5 2.c4 Nf6 3.Bg2 d5 4.cxd5 Nxd5 5.Nf3 Nc6 6.O-O Nde7 7.Nc3 g6 8.b4 
a6 9.Rb1 Bg7 10.a4 O-O 11.b5 axb5 12.axb5 Nd4 13.d3 Bg4 14.Ng5 c6 15.bxc6 
bxc6 16.h3 Bc8 17.Nge4 Ra5 18.Kh2 h6 19.Nd2 Nd5 20.Bb2 Nxc3 21.Bxc3 Rb5 
22.e3 Ne6 23.Nc4 Qc7 24.Qc2 Bd7 25.Ra1 h5 26.Ba5 Qb8 27.Rfb1 Rxb1 28.Rxb1 
Qa7 29.Qb2 Ra8 30.Bc3 Nc5 31.Qc2 Qa2 32.Rb2 Qa6 33.Bxe5 Bf5 34.e4 Be6 35.
Bxg7 Kxg7 36.Nb6 1-0

[Event "56th POL-ch"]
[Site "Polanica-Zdroj POL"]
[Date "1999.04.29"]
[Round "7"]
[White "Socko, Bartosz"]
[Black "Macieja, Bartlomiej"]
[Result "0-1"]
[WhiteElo "2497"]
[BlackElo "2553"]
[EventDate "1999.04.23"]
[PlyCount "88"]
[Source "Vistula"]
[SourceDate "1999.08.16"]

1.e4 c6 2.d4 d5 3.exd5 cxd5 4.c4 Nf6 5.Nc3 e6 6.Nf3 Bb4 7.a3 Bxc3+ 8.bxc3 
O-O 9.Qc2 b6 10.Bg5 Bb7 11.Nd2 Nbd7 12.Bd3 h6 13.Bh4 Rc8 14.cxd5 Bxd5 15.
Ba6 Rb8 16.O-O Bb7 17.Be2 Rc8 18.Rac1 e5 19.Qf5 exd4 20.cxd4 Qe7 21.Bb5 
Qd6 22.Rcd1 a6 23.Bg3 Qd5 24.Qxd5 Bxd5 25.Bxa6 Ra8 26.Bb5 Rfc8 27.a4 Bc6 
28.Rc1 Bxb5 29.axb5 Rxc1 30.Rxc1 Nd5 31.Nc4 Nc3 32.Kf1 Nxb5 33.Ne5 Nf6 34.
f3 Nd5 35.Be1 f6 36.Nd3 Nxd4 37.Bf2 Nf5 38.Rb1 Ra3 39.Nb4 Nc3 40.Rc1 Rb3 
41.Nc6 Nd5 42.Nd4 Nxd4 43.Bxd4 Kf7 44.Rc8 Rb4 0-1

[Event "56th POL-ch"]
[Site "Polanica-Zdroj POL"]
[Date "1999.04.30"]
[Round "8"]
[White "Staniszewski, Piotr"]
[Black "Macieja, Bartlomiej"]
[Result "1/2-1/2"]
[WhiteElo "2454"]
[BlackElo "2553"]
[EventDate "1999.04.23"]
[PlyCount "82"]
[Source "Vistula"]
[SourceDate "1999.08.16"]

1.d4 Nf6 2.c4 e6 3.Nf3 Bb4+ 4.Bd2 Qe7 5.g3 Nc6 6.Nc3 Bxc3 7.Bxc3 Ne4 8.Qc2
Nxc3 9.Qxc3 O-O 10.Bg2 d6 11.d5 Nd8 12.dxe6 fxe6 13.O-O Qf6 14.Rac1 Qxc3 
15.Rxc3 c5 16.Rd1 Nf7 17.h4 Rd8 18.Ng5 h6 19.Ne4 Kf8 20.Rcd3 Ke7 21.f4 Rb8
22.Nc3 a6 23.Re3 Kf8 24.Bh3 b5 25.cxb5 axb5 26.Bxe6 b4 27.Nd5 Bxe6 28.Rxe6
Ra8 29.Ra1 Ra5 30.Re3 Rb8 31.a3 Nd8 32.Rd1 bxa3 33.bxa3 Nc6 34.Nc7 Nd4 35.
Ne6+ Nxe6 36.Rxe6 Rxa3 37.Kf2 Rbb3 38.e3 Rd3 39.Rxd3 Rxd3 40.Ke2 c4 41.g4 
d5 1/2-1/2

[Event "56th POL-ch"]
[Site "Polanica-Zdroj POL"]
[Date "1999.04.30"]
[Round "8"]
[White "Pinski, Jan"]
[Black "Socko, Bartosz"]
[Result "1/2-1/2"]
[WhiteElo "2346"]
[BlackElo "2497"]
[EventDate "1999.04.23"]
[PlyCount "100"]
[Source "Vistula"]
[SourceDate "1999.08.16"]

1.e4 e5 2.Nf3 Nc6 3.Bb5 a6 4.Ba4 Nf6 5.O-O Be7 6.Re1 b5 7.Bb3 d6 8.c3 O-O 
9.d3 Na5 10.Bc2 c5 11.Nbd2 Re8 12.Nf1 Bf8 13.Ne3 g6 14.a4 Bb7 15.c4 bxc4 
16.Nxc4 Nh5 17.Nxa5 Qxa5 18.Bb3 Re7 19.Nd2 Qc7 20.Nf1 Rb8 21.Ne3 Nf6 22.
Bc4 Bg7 23.Bd2 Qd7 24.b4 d5 25.exd5 Nxd5 26.bxc5 Nf4 27.Rb1 Qc6 28.Rb6 
Qxc5 29.Qb3 e4 30.Bxa6 Nxd3 31.Rb1 Qh5 32.Bxb7 Be5 33.Nf1 Bd4 34.Rb5 Bxf2+
35.Kh1 Nc5 36.Ba6 Nxb3 37.Rxb8+ Kg7 38.R8xb3 Bd4 39.Rh3 Qc5 40.Bh6+ Kg8 
41.Ne3 Qd6 42.Bc4 Bg7 43.Rd1 Qb6 44.Nd5 Rd7 45.Rb3 Qc7 46.Rdb1 Rxd5 47.
Bxd5 Bxh6 48.Rb8+ Bf8 49.R8b7 Qe5 50.Bxf7+ Kh8 1/2-1/2

[Event "56th POL-ch"]
[Site "Polanica-Zdroj POL"]
[Date "1999.04.30"]
[Round "8"]
[White "Ehrenfeucht, Wojciech"]
[Black "Markowski, Tomasz"]
[Result "0-1"]
[WhiteElo "2337"]
[BlackElo "2549"]
[EventDate "1999.04.23"]
[PlyCount "120"]
[Source "Vistula"]
[SourceDate "1999.08.16"]

1.e4 c5 2.Nf3 g6 3.d4 Bg7 4.d5 Nf6 5.Nc3 d6 6.Bb5+ Nbd7 7.a4 O-O 8.O-O a6 
9.Be2 Rb8 10.a5 Ne8 11.Nd2 b5 12.axb6 Nxb6 13.Nb3 Nc7 14.Bg5 f6 15.Bd2 f5 
16.Na5 Bd7 17.exf5 Rxf5 18.Nc6 Bxc6 19.dxc6 Qe8 20.Bxa6 Qxc6 21.Bd3 Rf7 
22.Be4 d5 23.Bf3 Rbf8 24.Ra7 e6 25.Bg4 Nc4 26.Ra2 Bd4 27.Bf3 Ne5 28.Ne2 
Nxf3+ 29.gxf3 Bg7 30.f4 d4 31.c4 dxc3 32.Bxc3 Bxc3 33.bxc3 Nd5 34.Qa4 Qc7 
35.Qa5 Qe7 36.Ra4 Nxf4 37.Nxf4 Rxf4 38.Rxf4 Qg5+ 39.Kh1 Qd5+ 40.f3 Rxf4 
41.Kg2 Kg7 42.h3 Kh6 43.Rf2 Qg5+ 44.Kh1 Rh4 45.Rh2 Qc1+ 46.Kg2 Rh5 47.h4 
Rd5 48.Kg3 Qe1+ 49.Kh3 Qe3 50.Kg3 Qe5+ 51.Kh3 Qf4 52.Rf2 Rh5 53.Qd8 g5 54.
Kg2 Rxh4 55.Kf1 Rh1+ 56.Ke2 Qe5+ 57.Kd2 Qe1+ 58.Kd3 Qxf2 59.Qf8+ Kh5 60.
Qf7+ Kh4 0-1

[Event "56th POL-ch"]
[Site "Polanica-Zdroj POL"]
[Date "1999.04.30"]
[Round "8"]
[White "Grabarczyk, Bogdan"]
[Black "Gdanski, Jacek"]
[Result "0-1"]
[WhiteElo "2380"]
[BlackElo "2530"]
[EventDate "1999.04.23"]
[PlyCount "84"]
[Source "Vistula"]
[SourceDate "1999.08.16"]

1.e4 c5 2.Nf3 g6 3.d4 cxd4 4.Nxd4 Nc6 5.Nc3 Bg7 6.Be3 Nf6 7.Nxc6 bxc6 8.e5
Nd5 9.Nxd5 cxd5 10.Qxd5 Rb8 11.Bc4 O-O 12.O-O Qc7 13.Rfe1 Bb7 14.Qd3 Bxe5 
15.Bh6 Rfe8 16.Rad1 e6 17.Bb3 Bxh2+ 18.Kf1 Bf4 19.Qh3 d5 20.Rd4 Be5 21.Rh4
Bf6 22.Bc1 h5 23.c3 Qe7 24.Rb4 Bc6 25.Rxb8 Rxb8 26.Qg3 Re8 27.Kg1 Kg7 28.
Qd3 Qb7 29.Be3 e5 30.Qd2 d4 31.cxd4 exd4 32.Bh6+ Kh7 33.Rxe8 Bxe8 34.Bf8 
Qe4 35.Bc5 a6 36.Bc4 Kg7 37.Bd3 Qd5 38.Qb4 h4 39.Bf8+ Kh7 40.Be7 h3 41.Bf1
Bxe7 42.Qxe7 d3 0-1

[Event "56th POL-ch"]
[Site "Polanica-Zdroj POL"]
[Date "1999.04.30"]
[Round "8"]
[White "Jakubiec, Artur"]
[Black "Kuczynski, Robert"]
[Result "1/2-1/2"]
[WhiteElo "2428"]
[BlackElo "2430"]
[EventDate "1999.04.23"]
[PlyCount "143"]
[Source "Vistula"]
[SourceDate "1999.08.16"]

1.e4 c5 2.Nf3 d6 3.d4 cxd4 4.Nxd4 Nf6 5.Nc3 a6 6.Bg5 e6 7.f4 Nbd7 8.Qf3 
Qc7 9.O-O-O b5 10.Bd3 Bb7 11.Rhe1 O-O-O 12.f5 e5 13.Nb3 Be7 14.Bxf6 Nxf6 
15.Nd5 Nxd5 16.exd5 Kb8 17.g3 Qb6 18.Kb1 Rc8 19.Bf1 Rc7 20.Re4 Rhc8 21.c3 
a5 22.a3 Bf6 23.h4 Ka7 24.Ka2 Rb8 25.Qe3 Qxe3 26.Rxe3 Kb6 27.Bg2 Rbc8 28.
Nd2 a4 29.Ne4 Be7 30.Nf2 Rc4 31.Kb1 Rg8 32.Ne4 Bc8 33.Rf1 Rc7 34.Kc1 Bb7 
35.Nf2 Rc5 36.Nd3 Rc4 37.Nb4 Bf6 38.Be4 Bc8 39.Kc2 Bb7 40.Kd3 Bc8 41.Ke2 
Bb7 42.Bb1 Rgc8 43.Ba2 R4c5 44.Re4 R8c7 45.Rd1 h5 46.Nc2 Bc8 47.Ne3 Bd7 
48.Rb4 Ka7 49.Bb1 Rc8 50.Be4 Rh8 51.Bg2 Bd8 52.Rf1 Ba5 53.Re4 Bb6 54.g4 
hxg4 55.Rxg4 Rh7 56.Be4 Bd8 57.Rh1 Rc8 58.Bd3 Bb6 59.Nf1 Rc5 60.Be4 Rc4 
61.Kd3 Rc8 62.Nd2 Rch8 63.Rh2 Bd8 64.Rhg2 Bf6 65.Nf3 Kb6 66.Ng5 Rxh4 67.
Rxh4 Rxh4 68.Nxf7 Rh3+ 69.Kd2 Rh4 70.Kd3 Rh3+ 71.Kd2 Rh4 72.Kd3 1/2-1/2

[Event "56th POL-ch"]
[Site "Polanica-Zdroj POL"]
[Date "1999.04.30"]
[Round "8"]
[White "Urban, Klaudiusz"]
[Black "Sosnicki, Michal"]
[Result "1-0"]
[WhiteElo "2444"]
[BlackElo "2286"]
[EventDate "1999.04.23"]
[PlyCount "103"]
[Source "Vistula"]
[SourceDate "1999.08.16"]

1.d4 Nf6 2.c4 e6 3.g3 c5 4.d5 exd5 5.cxd5 g6 6.Nc3 Bg7 7.Bg2 O-O 8.a4 d6 
9.Nf3 Na6 10.O-O Nb4 11.Nd2 b6 12.Nc4 Ba6 13.Nb5 Bxb5 14.axb5 a6 15.bxa6 
b5 16.Na5 Rxa6 17.Nc6 Qb6 18.Rxa6 Qxa6 19.Nxb4 cxb4 20.Bd2 Nd7 21.Qb3 Nc5 
22.Qxb4 Qa4 23.Rc1 Ra8 24.Bf1 Nb3 25.Rc7 Bxb2 26.Qf4 Rf8 27.Be3 Qa1 28.Qb4
Nd4 29.Ra7 Qxa7 30.Qxb2 Rc8 31.Bxd4 Qb7 32.e4 b4 33.Qd2 Qe7 34.Qxb4 Qxe4 
35.Qb2 Qc2 36.Qb7 Re8 37.Qd7 Qe4 38.Bc3 Qe7 39.Qc6 Rb8 40.Qc4 Qa7 41.Bf6 
Qa8 42.Bc3 Rc8 43.Qd4 Rxc3 44.Qxc3 Qxd5 45.Qf6 Qd1 46.h4 h5 47.Kg2 Qd5+ 
48.Kh2 Kh7 49.Bg2 Qa2 50.Be4 Qc4 51.Bf3 Qc7 52.Bd5 1-0

[Event "56th POL-ch"]
[Site "Polanica-Zdroj POL"]
[Date "1999.04.30"]
[Round "8"]
[White "Kempinski, Robert"]
[Black "Grabarczyk, Miroslaw"]
[Result "1/2-1/2"]
[WhiteElo "2533"]
[BlackElo "2462"]
[EventDate "1999.04.23"]
[PlyCount "82"]
[Source "Vistula"]
[SourceDate "1999.08.16"]

1.d4 d5 2.c4 c6 3.Nf3 Nf6 4.Nc3 dxc4 5.a4 Bf5 6.Ne5 Nbd7 7.Nxc4 Qc7 8.Bg5 
Ne4 9.Nxe4 Bxe4 10.Qd2 Nb6 11.Nxb6 axb6 12.f3 Bg6 13.Bf4 Qd7 14.e4 e6 15.
Be2 Bd6 16.Bxd6 Qxd6 17.Qc3 b5 18.a5 O-O 19.O-O Rfd8 20.Rfd1 f6 21.b4 Qe7 
22.Rd2 Bf7 23.Rad1 Rd7 24.f4 Rad8 25.e5 f5 26.h3 Qh4 27.Qf3 Qe7 28.a6 bxa6
29.Qxc6 Qxb4 30.Qxa6 g5 31.fxg5 Rxd4 32.Rxd4 Rxd4 33.Qc8+ Kg7 34.Ra1 Rd5 
35.Kh1 Qc5 36.Qb7 Qc3 37.Ra7 Qc1+ 38.Kh2 Qf4+ 39.Kg1 Qc1+ 40.Kh2 Qf4+ 41.
Kg1 Qe3+ 1/2-1/2

[Event "56th POL-ch"]
[Site "Polanica-Zdroj POL"]
[Date "1999.05.02"]
[Round "9"]
[White "Grabarczyk, Miroslaw"]
[Black "Staniszewski, Piotr"]
[Result "1/2-1/2"]
[WhiteElo "2462"]
[BlackElo "2454"]
[EventDate "1999.04.23"]
[PlyCount "101"]
[Source "Vistula"]
[SourceDate "1999.08.16"]

1.d4 Nf6 2.c4 e6 3.Nf3 b6 4.g3 Bb7 5.Bg2 Be7 6.O-O O-O 7.Nc3 Ne4 8.Qc2 
Nxc3 9.Qxc3 f5 10.b3 Bf6 11.Bb2 d6 12.Ne1 Bxg2 13.Nxg2 Nc6 14.Qd2 Bg5 15.
e3 d5 16.Rac1 Qd7 17.Rc3 Nd8 18.Rfc1 c6 19.Ne1 Be7 20.Nd3 Bd6 21.R3c2 Nf7 
22.cxd5 cxd5 23.Ne5 Bxe5 24.dxe5 Rfc8 25.Qe2 Ng5 26.Bd4 Rxc2 27.Qxc2 Qf7 
28.Qe2 h6 29.Kg2 Nh7 30.Rc6 Re8 31.a4 g5 32.b4 g4 33.h4 gxh3+ 34.Kh2 Ng5 
35.a5 bxa5 36.bxa5 Kh8 37.a6 Rg8 38.Rc1 Ne4 39.Rg1 Rg7 40.Kxh3 Kh7 41.Kg2 
Qg6 42.Qf3 Rc7 43.Rb1 Nd2 44.Rb7 Rxb7 45.axb7 Nxf3 46.b8=Q Qg4 47.Qxa7+ 
Kg6 48.Qe7 Ng5 49.Qe8+ Kg7 50.Qe7+ Kg6 51.Qe8+ 1/2-1/2

[Event "56th POL-ch"]
[Site "Polanica-Zdroj POL"]
[Date "1999.05.02"]
[Round "9"]
[White "Sosnicki, Michal"]
[Black "Kempinski, Robert"]
[Result "1/2-1/2"]
[WhiteElo "2286"]
[BlackElo "2533"]
[EventDate "1999.04.23"]
[PlyCount "88"]
[Source "Vistula"]
[SourceDate "1999.08.16"]

1.d4 Nf6 2.Nf3 g6 3.c4 Bg7 4.g3 O-O 5.Bg2 d6 6.O-O Nbd7 7.Nc3 e5 8.e4 c6 
9.h3 Ne8 10.Rb1 Nc7 11.d5 c5 12.a3 f5 13.exf5 gxf5 14.Ng5 Nf6 15.b4 h6 16.
Nf3 e4 17.Nh4 Nd7 18.Ne2 cxb4 19.axb4 Ne5 20.Nf4 Nxc4 21.Nh5 Ne5 22.Nxg7 
Kxg7 23.Bb2 Kh7 24.Ba1 Bd7 25.Re1 Nb5 26.f4 Nc4 27.Qe2 Nca3 28.Rbc1 Qe7 
29.Qh5 Qe8 30.Qxe8 Rfxe8 31.g4 Rac8 32.Nxf5 Rxc1 33.Rxc1 e3 34.Ng7 Re7 35.
Nh5 Kg6 36.f5+ Kf7 37.f6 Re8 38.Ng7 Rc8 39.Rxc8 Bxc8 40.Be4 Nc4 41.Bd3 
Nba3 42.Kf1 Ne5 43.Bxe5 dxe5 44.Ke2 Kxf6 1/2-1/2

[Event "56th POL-ch"]
[Site "Polanica-Zdroj POL"]
[Date "1999.05.02"]
[Round "9"]
[White "Kuczynski, Robert"]
[Black "Urban, Klaudiusz"]
[Result "1/2-1/2"]
[WhiteElo "2430"]
[BlackElo "2444"]
[EventDate "1999.04.23"]
[PlyCount "51"]
[Source "Vistula"]
[SourceDate "1999.08.16"]

1.e4 g6 2.d4 Bg7 3.Nc3 d6 4.Be3 a6 5.f4 b5 6.Be2 Nd7 7.e5 Nb6 8.Bf3 Rb8 9.
b3 e6 10.Bf2 f5 11.a4 b4 12.a5 bxc3 13.axb6 cxb6 14.Ne2 Ne7 15.Nxc3 Qc7 
16.Qd3 O-O 17.O-O d5 18.Nd1 b5 19.Qd2 Nc6 20.b4 Ra8 21.Nb2 a5 22.bxa5 Rxa5
23.Rxa5 Nxa5 24.Ra1 Nc4 25.Nxc4 bxc4 26.Qa5 1/2-1/2

[Event "56th POL-ch"]
[Site "Polanica-Zdroj POL"]
[Date "1999.05.02"]
[Round "9"]
[White "Gdanski, Jacek"]
[Black "Jakubiec, Artur"]
[Result "1/2-1/2"]
[WhiteElo "2530"]
[BlackElo "2428"]
[EventDate "1999.04.23"]
[PlyCount "150"]
[Source "Vistula"]
[SourceDate "1999.08.16"]

1.e4 Nc6 2.Nf3 d6 3.d4 Nf6 4.Nc3 Bg4 5.d5 Nb8 6.h3 Bxf3 7.Qxf3 g6 8.g3 Bg7
9.Bg2 O-O 10.O-O c5 11.Qe2 Nbd7 12.a4 Re8 13.Be3 a6 14.Kh2 Rb8 15.f4 Qc7 
16.Rad1 h6 17.Rfe1 Nh7 18.Bf1 Qb6 19.Bd2 Nhf8 20.b3 Qd8 21.Qf3 e6 22.Bd3 
Nf6 23.Qf2 exd5 24.exd5 Rxe1 25.Rxe1 Qd7 26.Qf1 Re8 27.Kg2 Rxe1 28.Bxe1 
Qe7 29.Qe2 Qxe2+ 30.Bxe2 N8d7 31.a5 Bf8 32.Kf3 Be7 33.Bc4 Ne8 34.Na4 Bd8 
35.Bd3 h5 36.c4 Bf6 37.g4 hxg4+ 38.hxg4 Kf8 39.g5 Bd4 40.Bf1 f5 41.gxf6 
Nexf6 42.Bh3 Ke8 43.Bh4 Ba1 44.Be6 Bd4 45.Be1 Ke7 46.Bd2 Ba1 47.Ke2 Bd4 
48.Kf3 Ba1 49.Be1 Bd4 50.Bg3 Ba1 51.Bh4 Ke8 52.Nb6 Nxb6 53.axb6 Nd7 54.Kg4
Nxb6 55.Kg5 a5 56.Kxg6 a4 57.bxa4 Nxc4 58.Bg5 b6 59.Bc8 Nd2 60.Ba6 c4 61.
Bb5+ Kf8 62.Bh6+ Kg8 63.f5 Nf3 64.f6 Ne5+ 65.Kf5 Kf7 66.Bf4 Bd4 67.Ba6 c3 
68.Be2 c2 69.Bh5+ Kg8 70.Ke6 Bb2 71.Kxd6 Nc4+ 72.Ke6 c1=Q 73.Bxc1 Bxc1 74.
d6 Nxd6 75.Kxd6 Kf8 1/2-1/2

[Event "56th POL-ch"]
[Site "Polanica-Zdroj POL"]
[Date "1999.05.02"]
[Round "9"]
[White "Socko, Bartosz"]
[Black "Ehrenfeucht, Wojciech"]
[Result "1/2-1/2"]
[WhiteElo "2497"]
[BlackElo "2337"]
[EventDate "1999.04.23"]
[PlyCount "49"]
[Source "Vistula"]
[SourceDate "1999.08.16"]

1.e4 e6 2.d4 d5 3.Nc3 Nf6 4.e5 Nfd7 5.Nce2 c5 6.c3 b5 7.Nf3 Nc6 8.g3 b4 9.
Bg2 bxc3 10.bxc3 cxd4 11.cxd4 Bb4+ 12.Kf1 Ba6 13.h4 Qa5 14.Be3 Rc8 15.Kg1 
Nb6 16.a3 Bc3 17.Nxc3 Qxc3 18.Kh2 O-O 19.Bd2 Qb2 20.Rb1 Qa2 21.Ra1 Qb2 22.
Rb1 Qa2 23.h5 Bd3 24.Rc1 Nc4 25.Bb4 1/2-1/2

[Event "56th POL-ch"]
[Site "Polanica-Zdroj POL"]
[Date "1999.05.02"]
[Round "9"]
[White "Macieja, Bartlomiej"]
[Black "Pinski, Jan"]
[Result "1/2-1/2"]
[WhiteElo "2553"]
[BlackElo "2346"]
[EventDate "1999.04.23"]
[PlyCount "43"]
[Source "Vistula"]
[SourceDate "1999.08.16"]

1.e4 e5 2.Nf3 Nc6 3.Bc4 Nf6 4.d3 Be7 5.O-O O-O 6.Re1 d6 7.a4 Kh8 8.a5 Rb8 
9.c3 Bg4 10.Nbd2 d5 11.exd5 Nxd5 12.h3 Bh5 13.Ne4 f6 14.Ng3 Bf7 15.Nh4 Re8
16.Nhf5 Bf8 17.Qb3 Qd7 18.Ne3 Red8 19.Nxd5 Bxd5 20.Be3 b5 21.axb6 axb6 22.
Qc2 1/2-1/2